North South University Library OPAC

Numerical methods for conservation laws / (Record no. 30662)

MARC details
000 -LEADER
fixed length control field 01063pam a2200313 a 4500
001 - CONTROL NUMBER
control field BD-DhNSU-30662
003 - CONTROL NUMBER IDENTIFIER
control field BD-DhNSU
005 - DATE AND TIME OF LATEST TRANSACTION
control field 20250210112133.0
008 - FIXED-LENGTH DATA ELEMENTS--GENERAL INFORMATION
fixed length control field 250210s1992 sz a g b 000 0 eng d
020 ## - INTERNATIONAL STANDARD BOOK NUMBER
International Standard Book Number 9783764327231
040 ## - CATALOGING SOURCE
Original cataloging agency DLC
Transcribing agency BD-DhNSU
Modifying agency BD-DhNSU
041 ## - LANGUAGE CODE
Language code of text eng
050 00 - LIBRARY OF CONGRESS CALL NUMBER
Classification number QA377
Item number .L48 1992
082 00 - DEWEY DECIMAL CLASSIFICATION NUMBER
Classification number 515/.353
Edition number 20
100 1# - MAIN ENTRY--PERSONAL NAME
Personal name LeVeque, Randall J.,
245 10 - TITLE STATEMENT
Title Numerical methods for conservation laws /
Statement of responsibility, etc. Randall J. LeVeque.
250 ## - EDITION STATEMENT
Edition statement 2nd ed.
260 ## - PUBLICATION, DISTRIBUTION, ETC.
Place of publication, distribution, etc. Boston :
Name of publisher, distributor, etc. Springer Basel AG,
Date of publication, distribution, etc. c1992.
300 ## - PHYSICAL DESCRIPTION
Extent 214 p. :
Other physical details ill. ;
Dimensions 24 cm.
490 ## - SERIES STATEMENT
Series statement Lectures in mathematics ETH Zürich
504 ## - BIBLIOGRAPHY, ETC. NOTE
Bibliography, etc. note Includes bibliographical references (p. 208-214).
526 ## - STUDY PROGRAM INFORMATION NOTE
Program name Mathematics, Physics and Statistics
590 ## - LOCAL NOTE (RLIN)
Documentalist Sumaiya Kainat Bintey Kohinoor
650 #0 - SUBJECT ADDED ENTRY--TOPICAL TERM
Topical term or geographic name entry element Differential equations, Hyperbolic
General subdivision Numerical solutions.
650 #0 - SUBJECT ADDED ENTRY--TOPICAL TERM
Topical term or geographic name entry element Conservation laws (Mathematics)
650 #0 - SUBJECT ADDED ENTRY--TOPICAL TERM
Topical term or geographic name entry element Shock waves.
856 42 - ELECTRONIC LOCATION AND ACCESS
Materials specified Publisher description
Uniform Resource Identifier http://www.loc.gov/catdir/enhancements/fy0812/92003400-d.html
942 ## - ADDED ENTRY ELEMENTS (KOHA)
Source of classification or shelving scheme lcc
Koha item type BK
999 ## - SYSTEM CONTROL NUMBERS (KOHA)
-- 30662
-- 30662
Holdings
Withdrawn status Lost status Source of classification or shelving scheme Damaged status Not for loan Collection Code Permanent Location Current Location Shelving location Date acquired Source of acquisition (Supplier) Currency Price Bill Code Total Checkouts Call Number Barcode (Accession #) Date last seen Copy number Bill Date Item type
    lcc     Non-fiction North South University Library North South University Library General Stacks 2025-02-09 Book Finder ৳ (BDT) 3405.00 BFI/2025/02/55   QA377.L48 1992 49032 2025-02-10 1 2025-02-05 Books
© 2017-2026 NSU Library
North South University

Powered by Koha